<?xml version="1.0" encoding="UTF-8"?>
<record
    xmlns:xsi="http://www.w3.org/2001/XMLSchema-instance"
    xsi:schemaLocation="http://www.loc.gov/MARC21/slim http://www.loc.gov/standards/marcxml/schema/MARC21slim.xsd"
    xmlns="http://www.loc.gov/MARC21/slim">

  <leader>00704nam a22002057a 4500</leader>
  <controlfield tag="005">20230904115139.0</controlfield>
  <datafield tag="010" ind1=" " ind2=" ">
    <subfield code="a">B-755804</subfield>
  </datafield>
  <datafield tag="020" ind1=" " ind2=" ">
    <subfield code="a">9788181534781</subfield>
    <subfield code="c">170.00  </subfield>
  </datafield>
  <datafield tag="035" ind1=" " ind2=" ">
    <subfield code="a">B-755804</subfield>
  </datafield>
  <datafield tag="037" ind1=" " ind2=" ">
    <subfield code="a">DPL</subfield>
    <subfield code="b">Rainbow Books </subfield>
  </datafield>
  <datafield tag="082" ind1=" " ind2=" ">
    <subfield code="a">000</subfield>
  </datafield>
  <datafield tag="245" ind1=" " ind2=" ">
    <subfield code="a">Rainbow do you know where / </subfield>
    <subfield code="c">compiled and edited by Aryan and Aakanksha</subfield>
  </datafield>
  <datafield tag="260" ind1=" " ind2=" ">
    <subfield code="a">New Delhi </subfield>
    <subfield code="b">Rainbow  Books </subfield>
    <subfield code="c">2016</subfield>
  </datafield>
  <datafield tag="270" ind1=" " ind2=" ">
    <subfield code="a">F-32, Street No.12, Parwana Road, Jagat Puri, </subfield>
    <subfield code="b">New Delhi </subfield>
    <subfield code="e">110051</subfield>
  </datafield>
  <datafield tag="300" ind1=" " ind2=" ">
    <subfield code="a">64p.</subfield>
    <subfield code="c">25cm(Hb)</subfield>
    <subfield code="b">col.</subfield>
  </datafield>
  <datafield tag="700" ind1=" " ind2=" ">
    <subfield code="a">Aryan </subfield>
    <subfield code="e">comp. and ed.</subfield>
    <subfield code="9">55855</subfield>
  </datafield>
  <datafield tag="700" ind1=" " ind2=" ">
    <subfield code="a">and Aakanksha</subfield>
    <subfield code="e">comp. and ed.</subfield>
    <subfield code="9">55856</subfield>
  </datafield>
  <datafield tag="942" ind1=" " ind2=" ">
    <subfield code="2">ddc</subfield>
    <subfield code="c">CH</subfield>
    <subfield code="m">RAI</subfield>
    <subfield code="h">000</subfield>
  </datafield>
  <datafield tag="999" ind1=" " ind2=" ">
    <subfield code="c">197789</subfield>
    <subfield code="d">197789</subfield>
  </datafield>
  <datafield tag="952" ind1=" " ind2=" ">
    <subfield code="0">0</subfield>
    <subfield code="1">0</subfield>
    <subfield code="4">0</subfield>
    <subfield code="7">0</subfield>
    <subfield code="8">NFIC</subfield>
    <subfield code="a">AV</subfield>
    <subfield code="b">AV</subfield>
    <subfield code="d">2023-09-04</subfield>
    <subfield code="e">4.9.23/Gift</subfield>
    <subfield code="g">220.00</subfield>
    <subfield code="l">0</subfield>
    <subfield code="o">RAI 000</subfield>
    <subfield code="p">B-755804</subfield>
    <subfield code="r">2023-09-04 00:00:00</subfield>
    <subfield code="t">1</subfield>
    <subfield code="v">220.00</subfield>
    <subfield code="w">2023-09-04</subfield>
    <subfield code="y">CH</subfield>
    <subfield code="z">Gift</subfield>
  </datafield>
</record>
